World of Warcraft Races Mega Quiz - Statistics

General Stats
  • This quiz has been taken 264 times
  • The average score is 36 of 53
Answer Stats
Hint Answer % Correct
Alliance Human
99%
Stormwind/Orgimmar
98%
Horde Orc
96%
Stormwind
96%
Alliance Dwarf
92%
Alliance Gnome
92%
Alliance Night Elf
92%
Horde Troll
92%
Horde Tauren
90%
Horde Forsaken
89%
Orgrimmar
89%
Horde Blood Elf
88%
Neutral Pandaren
88%
Ironforge
87%
Alliance Worgen
87%
Horde Goblin
85%
Alliance Draenei
82%
King Anduin Wrynn
80%
Undercity
77%
Durotar
76%
Sylvanas Windrunner
74%
Darnassus
73%
The Howling Oak
73%
Thunder Bluff
73%
Elwynn Forest
72%
Silvermoon
69%
The Exodar
69%
New Tinker Town
67%
Gilneas
66%
Malfurion Stormrage
66%
Teldrassil
65%
Tyrande Whisperwind
64%
Baine Bloodhoof
63%
Prophet Velen
63%
Mulgore
62%
King Genn Greymane
61%
Dun Morogh
60%
Trade Prince Jastor Gallywix
51%
Azuremyst Isle
50%
High Tinker Gelbin Mekkatorque
48%
Muradin Bronzebeard
48%
Tirisfal Glades
48%
High Overlord Varok Saurfang
47%
Queen Regent Moira Thaurissan
47%
Kezan
46%
Darkspear Isle
45%
Lor'themar Theron
45%
Wandering Isle
43%
Eversong Woods
39%
Falstad Wildhammer
32%
Ji Firepaw
32%
Aysa Cloudsinger
23%
Bilgewater Harbour
13%
No matching quizzes found
Score Distribution
Percent of People with Each Score
Percentile by Number Answered
Your Score History
You have not taken this quiz